1406 1864 1097 1423 1124 1724 1934 1743 1758 1990 1824 1744 1138 1146 1840 1315 1366 1722 1186 1995 1467 1151 1659 1487 1640 1901 1154 1011 1568 1309 1497 1654 1803 1327 1520 1299 1041 1388 1345 1116 1352 1449 1662 1799 1620 1638 1732 1981 1668 1524 1631 1175 1275 1372 1439 1606 1505 1297 1516 1396 1203 1252 1325 1470 1542 1180 1819 1846 1920 1714 1705 1149 1374 1376 1542 1025 1806 1681 1512 1123 1145 1226 1661 1056 1289 1939 1089 1204 1535 1353 1352 1822 1657 1289 1653 1222 1717 1761 1520 BCNSPRNW ULIB Ver.6.0+V

เปลี่ยนเป็นภาษาไทย

Change to English
 แสดงรายละเอียดบรรณานุกรม
  กลับหน้าหลัก

Brief Record : Get Marc (ISO 2709) : E-mail record : QR code < ปิดหน้าต่าง
LEADER : 00000nam 2200000uu 4500
001    13399124451
003     ULIB
008    150722s2557||||th 000 0 tha d
020    ^a9786162754425
060 04 ^aWA292^bค127
100 0  ^aคณาทัต จันทร์ศิริ
245 10 ^aวินาทีชีวิต คู่มือปฐมพยาบาล =^bYour life in your hands /^cโดยคณาทัต จันทร์ศิริ
246 31 ^aYour life in your hands
260    ^aกรุงเทพฯ :^bPop Get Book,^c2557
300    ^a245 หน้า :^bภาพประกอบ ;^c21 ซม.
650  4 ^aปฐมพยาบาล
650  4 ^aผู้ป่วย
945    ^p220^l0^i039671
945    ^p220^l0^i039672
945    ^p220^l0^i039673
945    ^p220^l0^i039674
945    ^p220^l0^i039675
945    ^p220^l0^i039676
945    ^p220^l0^i039677
945    ^p220^l0^i039678
999    ^aเกษร โพธิ์สุวรรณ
รายการนี้ยังไม่มีแท็ก
คุณยังไม่ได้ล็อกอิน คุณสามารถมีกิจกรรมร่วมกับเว็บไซต์ได้ แต่ต้องล็อกอินก่อน ::
  ล็อกอิน

รายการสื่อสารสนเทศ

ลำดับที่ ประเภท เลขเรียก/บาร์โค้ด สถานที่ สถานะ
1. วิทยาศาสตร์การแพทย์ และสุขภาพ
วิทยาศาสตร์การแพทย์ และสุขภาพ
สถานะ=หนังสือเก่า
WA292 ค127 ฉ.1 
  Barcode: 039671
ห้องสมุดวิทยาเขตสวรรค์ประชารักษ์
►ส่วนจัดเก็บหนังสือเก่า สปร
บนชั้น
  ขอยืม
2. วิทยาศาสตร์การแพทย์ และสุขภาพ
วิทยาศาสตร์การแพทย์ และสุขภาพ
สถานะ=หนังสือเก่า
WA292 ค127 ฉ.2 
  Barcode: 039672
ห้องสมุดวิทยาเขตสวรรค์ประชารักษ์
►ส่วนจัดเก็บหนังสือเก่า สปร
บนชั้น
  ขอยืม
3. วิทยาศาสตร์การแพทย์ และสุขภาพ
วิทยาศาสตร์การแพทย์ และสุขภาพ
สถานะ=หนังสือเก่า
WA292 ค127 ฉ.3 
  Barcode: 039673
ห้องสมุดวิทยาเขตสวรรค์ประชารักษ์
►ส่วนจัดเก็บหนังสือเก่า สปร
บนชั้น
  ขอยืม
4. วิทยาศาสตร์การแพทย์ และสุขภาพ
วิทยาศาสตร์การแพทย์ และสุขภาพ
สถานะ=หนังสือเก่า
WA292 ค127 ฉ.4 
  Barcode: 039674
ห้องสมุดวิทยาเขตสวรรค์ประชารักษ์
►ส่วนจัดเก็บหนังสือเก่า สปร
บนชั้น
  ขอยืม
5. วิทยาศาสตร์การแพทย์ และสุขภาพ
วิทยาศาสตร์การแพทย์ และสุขภาพ
สถานะ=หนังสือเก่า
WA292 ค127 ฉ.5 
  Barcode: 039675
ห้องสมุดวิทยาเขตสวรรค์ประชารักษ์
►ส่วนจัดเก็บหนังสือเก่า สปร
บนชั้น
  ขอยืม
6. วิทยาศาสตร์การแพทย์ และสุขภาพ
วิทยาศาสตร์การแพทย์ และสุขภาพ
สถานะ=หนังสือเก่า
WA292 ค127 ฉ.6 
  Barcode: 039676
ห้องสมุดวิทยาเขตสวรรค์ประชารักษ์
►ส่วนจัดเก็บหนังสือเก่า สปร
บนชั้น
  ขอยืม
7. วิทยาศาสตร์การแพทย์ และสุขภาพ
วิทยาศาสตร์การแพทย์ และสุขภาพ
สถานะ=หนังสือเก่า
WA292 ค127 ฉ.7 
  Barcode: 039677
ห้องสมุดวิทยาเขตสวรรค์ประชารักษ์
►ส่วนจัดเก็บหนังสือเก่า สปร
บนชั้น
  ขอยืม
8. วิทยาศาสตร์การแพทย์ และสุขภาพ
วิทยาศาสตร์การแพทย์ และสุขภาพ
สถานะ=หนังสือเก่า
WA292 ค127 ฉ.8 
  Barcode: 039678
ห้องสมุดวิทยาเขตสวรรค์ประชารักษ์
►ส่วนจัดเก็บหนังสือเก่า สปร
บนชั้น
  ขอยืม

รายการใกล้เคียง
    ผู้แต่ง [คณาทัต จันทร์ศิริ]

    หัวเรื่อง [ปฐมพยาบาล]
    หัวเรื่อง [ผู้ป่วย]

BibComment


ยังไม่เคยถูกคอมเมนท์

คอมเมนท์ทรัพยากรรายการนี้
  คอมเมนท์: วินาทีชีวิต คู่ม..


 Copyright 2026. Bcnsprnw @Library